Core Management For HR Students and Practitioners (Record no. 22115)

MARC details
000 -LEADER
fixed length control field 00835nam a22002897a 4500
003 - CONTROL NUMBER IDENTIFIER
control field IBSLLIB
005 - DATE AND TIME OF LATEST TRANSACTION
control field 20260513050407.0
008 - FIXED-LENGTH DATA ELEMENTS--GENERAL INFORMATION
fixed length control field 260513b |||||||| |||| 00| 0 eng d
020 ## - INTERNATIONAL STANDARD BOOK NUMBER
International Standard Book Number 0750645490
040 ## - CATALOGING SOURCE
Original cataloging agency IBSLLIB
Language of cataloging English
041 ## - LANGUAGE CODE
Language code of original Eng
082 ## - DEWEY DECIMAL CLASSIFICATION NUMBER
Classification number 658.4
Item number WIN
100 ## - MAIN ENTRY--PERSONAL NAME
Personal name Winfield , Peter W.
245 ## - TITLE STATEMENT
Title Core Management For HR Students and Practitioners
260 ## - PUBLICATION, DISTRIBUTION, ETC. (IMPRINT)
Place of publication, distribution, etc. Delhi :
Name of publisher, distributor, etc. Butterworth Heine Mann ,
Date of publication, distribution, etc. 2000
300 ## - PHYSICAL DESCRIPTION
Extent 534 p ;
Other physical details 25 cm
505 ## - FORMATTED CONTENTS NOTE
Formatted contents note Managing people at work
505 ## - FORMATTED CONTENTS NOTE
Formatted contents note Managing activities
505 ## - FORMATTED CONTENTS NOTE
Formatted contents note Managing in a business context
650 ## - SUBJECT ADDED ENTRY--TOPICAL TERM
Topical term or geographic name as entry element Management and auxiliary services
653 ## - INDEX TERM--UNCONTROLLED
Uncontrolled term Leadership
653 ## - INDEX TERM--UNCONTROLLED
Uncontrolled term Economic and global context
653 ## - INDEX TERM--UNCONTROLLED
Uncontrolled term legal context
700 ## - ADDED ENTRY--PERSONAL NAME
Personal name Bishop , Ray
Relator term Coo Author
700 ## - ADDED ENTRY--PERSONAL NAME
Personal name Porter , Keith
Relator term Coo Author
942 ## - ADDED ENTRY ELEMENTS (KOHA)
Koha item type Lending Book
Holdings
Withdrawn status Lost status Damaged status Not for loan Collection code Permanent Location Current Location Shelving location Date acquired Source of acquisition Inventory number Full call number Barcode Koha item type
        Lending Collection IBSL Library IBSL Library Lending Section 10/09/2025 Donation 10563 658.4 WIN 10563 Lending Book
Copyright © 2024 IBSL Library, All rights reserved.
mail to: library@ibsl.lk | Contact: 0112425735 | Library Address: IBSL Library, 80A, Elvitigala Mawatha, Colombo 008